Регионална библиотека "Любен Каравелов" - Русе

Цените (Запис номер 2413)

MARC детайли
000 -Лидер
Контролно поле с фиксирана дължина 01435nam a2200325 c 4500
003 - Код на организацията, давaща контролен номер
Контролно поле BLK
005 - Дата и час на последна редакция
Контролно поле 20180420213530.0
008 - Елементи от данни с фиксирана дължина
fixed length control field 180412b bul|||||r ||||||| ||bul||
010 ## - Наследен системен номер
LC control number KNG00003402000
020 ## - Международен стандартен номер на книга ISBN
Международен стандартен номер на книга ISBN 954-427-126-0
-- издат.: Абагар - на том(ч. 1)
040 ## - Източник на каталожния запис
Идентификатор на билиотеката - собственик на записа BLK
041 ## - Код за език
Код за езика на текст/звукозапис или на отделно заглавие Български
Код за езика КДБФ Български
080 ## - УДК
Текстов определител УДК Цени. Ценообразуване. Производствени разходи. Себестойност
УДК код - определител по УДК 338.5
УДК определител (075.8)
УДК - код + определител 338.5(075.8)
100 1# - Редна дума - Автор
Автор Пехливанов, Васил Желязков
Авторска отговорност първи автор
R(LIN) 245789
139 ## - Редно поле
Редна дума Пехливанов, Васил Желязков
Авторски знак Пех - П 49
245 10 - Сведения за заглавието
Заглавие Цените
Подзаглавни данни Моногр. : Ч. 1 -
Редно поле (дума) Васил Желязков Пехливанов.
Том Ч. 1
Заглавие на том Характеристика, тенденции, политика
257 ## - Страна на издаване
Страна на създаване/издаване България
260 ## - Област на издателските данни
-- В. Търново
Година на издаване 1994 -
300 ## - Физическа характеристика
Размери/Мащаб 20 см
380 ## - Жанр
Жанр Обществени науки
500 ## - Общи забележки
Забележка Офс. изд.
650 #4 - Допълнително описание по предмет – тема
Основно описание – тема или топоним Цени и ценообразуване - учебници за ВУЗ
9 (RLIN) 244915
653 ## - Ключова дума – ненормативна
Ключова дума цени
760 1# - Описание на основната серия
-- - на том(ч. 1)
Редна дума на основното описание Пехливанов, Васил Желязков
Място на издаване, издател и година Абагар, 1994
Страници - том 208 с. : с табл.
Заглавие Ч. 1 Характеристика, тенденции, политика
852 ## - Местоположение
Форматна сигнатура Цб 180657
856 4# - Електронен адрес и достъп
Електронен формат pdf - файл
Път до файла /url/
856 4# - Електронен адрес и достъп
Електронен формат pdf - файл
Път до файла /url/
942 ## - АРТИКУЛИ
Вид на библиотечния материал Книги
Скрит в OPAC Не
944 ## - СЪЗДАВАНЕ И РЕДАКЦИЯ на ЗАПИСА
Създаване/Редакция Създаване
Дата на регистрацията/редакция 15.01.2003
Служител, извършил регистрацията/редакцията Геновева_Генчева
944 ## - СЪЗДАВАНЕ И РЕДАКЦИЯ на ЗАПИСА
Създаване/Редакция Редакция
Дата на регистрацията/редакция 12.01.2005
Служител, извършил регистрацията/редакцията
999 ## - СИСТЕМНИ КОНТРОЛНИ НОМЕРА
Koha biblionumber 2413
Koha biblioitemnumber 2413
Наличности
Код за отписване Код за изгубен артикул Източник на класификационната схема Код за повреда Коз за рестрикции Код за отдаване Артикулен № Име на библиотеката - собственик Име на библиотеката, в която се намира в момента Статус (Текущо местоположение) Дата на вписване в системата Местоположение - отдел Цена в лева Инвентарен номер Систематично азбучна сигнатура Баркод Номер на екземпляра Цена в евро Служебна бележка Служебен тип на артикула
  Не е изгубен Universal Decimal Classification Не е повреден без рестрикции ползва се в читалня 4491 Регионална библиотека "Любен Каравелов" Русе Регионална библиотека "Любен Каравелов" Русе Хранилище 1994-01-01 Хранилище 1.40 604950 Цб 180657 120000604950 1 0.72 Дост: Dp Вид: Д N: 31 Дата: 01.01.1994 Дата инв: 31.03.2015 Бележки инв: Цб2015 Книги
  Не е изгубен   Не е повреден без рестрикции заемане за дома 4492 Регионална библиотека "Любен Каравелов" Русе Регионална библиотека "Любен Каравелов" Русе Заемна - подръчен фонд 2005-01-07 Заемна - подръчен фонд 7.50 120000691037 П 338/П 49 120000691037 2 3.83 Дост: DA Вид: А N: 1 Дата: 06.01.2005 Дата инв: 05.02.2018 Бележки инв: П2018 Книги
Vip Innovations Ltd, Rousse, Bulgaria 2025